01035 2200241 4500001002100000005001500021035002000036007000300056008004100059020001800100082001000118084001600128100001600144245012000160250000600280260003100286300002800317650002600345700002000371700001200391520037300403990001700776INLIS00000000000037720260506082747 a0010-0423000004ta260506 j 0 ind  a978-602-366-0 a611.2 a611.2 ERA t0 aEramayawati1 aTentara Lendir Pernapasan :bpasukan pelindung tubuh /cEramayawati ; editor, Dhita Kurniawan ; ilustrator, Adipagi a- aSolo :bTiga Ananda,c2017 a32 :bilus. ;c24 cme- 4aPernapasan - Penyakit0 aDhita Kurniawan0 aAdipagi aUgh Apa sih yang lengket dan menempel di saluran pernapasan saat kita batuk pilek Itu adalah lendir pernapasan Meski terlihat menjijikkan tapi ternyata lendir pernapasan adalah pasukan pemberantas kuman lho Bagaimana pasukan lendir melindungi saluran pernapasan dan memberantas kuman kuman yang masuk ke dalam saluran pernapasan Cari tahu jawabannya dalam buku ini yuk a00080/K/2020